Statistics for AFI's 10 Top 10: Animation

Click here to take the quiz!

General Stats

  • This quiz has been taken 64 times
  • The average score is 8 of 10

Answer Stats

RankFilmYear% Correct
1Snow White and the Seven Dwarfs1937
100%
6Toy Story1995
92%
7Beauty and the Beast1991
84%
3Bambi1942
80%
9Cinderella1950
80%
4The Lion King1994
80%
5Fantasia1940
78%
2Pinocchio1940
73%
10Finding Nemo2003
63%
8Shrek2001
63%

Score Distribution

Percentile by Number Answered

Percent of People with Each Score

Your Score History

You have not taken this quiz